Statistics for Famous People of the Renaissance

Click here to take the quiz!

General Stats

  • This quiz has been taken 728 times
    (718 since last reset)
  • The average score is 6 of 15

Answer Stats

HintAnswer% Correct
Inventor and artist who painted the 'Last Supper' and 'Mona Lisa'Leonardo da Vinci
93%
A writer of plays such as 'Julius Caesar' and 'Romeo and Juliet'William Shakespeare
83%
Author of 'Divine Comedy'Dante
78%
Sculptor And artist who sculpted the Statue of DavidMichelangelo
78%
Wrote 'The Prince'Niccolo Machiavelli
58%
One of the most important artists of the High Renaissance who painted 'Alba Madonna'Raphael
50%
Wrote 'The Canterbury Tales'Chaucer
47%
A famous sculptor of the Renaissance who sculpted 'Mary Magdalene'Donatello
38%
The inventor of the printing pressJohannes Gutenburg
35%
Said to be one of the first humanists who wrote poemsPetrarch
22%
A similar figure to Petrarch who wrote 'The Praise of Folly'Erasmus
22%
An famous artist who carved woodcutsDürer
17%
Painter who drew very detailed paintings and facial expressionsJan Van Eyck
7%
Famous artist who made very detailed portraitsHans Holbein the Younger
1%
A famous painter who drew everyday scenes and ordinary imagesBrueghel the Elder
0%

Score Distribution

Percentile by Number Answered

Percent of People with Each Score

Your Score History

You have not taken this quiz since the last reset